000 00258nam a2200097Ia 4500
001 1135447
005 20250827005148.0
008 250824s9999 xx 000 0 und d
245 0 _aMUCİZELER DÜKKANINA DÖNÜŞ
_cDEBBIE MACOMBER
260 _bMARTI YAYINCILIK
999 _c1135447
_d1135447